000 00424nam a2200181Ia 4500
005 20250603145114.0
008 250603s9999 xx 000 0 und d
020 _a9781032613277
050 _aPN 1995.9 .D6 .L36/
100 _aLanders, Rachel
245 0 _aHybrid documentary and beyond
260 _aLondon
260 _bRoutledge
260 _c2024
300 _ax. 213p.: ill.
650 _aLondon
942 _cBK
999 _c40885
_d40885